Flaggen Quiz Mix 1 - Statistiken

Allgemein
  • Dieses Quiz wurde 54 mal gespielt
  • Das Durchschnittsergebnis liegt bei 12 aus 16
Antwortstatistiken
Bildquiz Antwort % Korrekt
Deutschland
100%
Kroatien
100%
Rumänien
100%
Kolumbien
96%
Iran
94%
Elfenbeinküste
91%
Bhutan
85%
Sri Lanka
85%
Uganda
83%
Haiti
66%
Tansania
66%
Dominica
51%
Kongo
51%
St.Kitts und Nevis
40%
Tuvalu
38%
Neukaledonien
19%
Keine übereinstimmenden Quizze gefunden
Verteilung der Resultate
Anzahl Personen mit jedem Resultat
Perzentil nach korrekt beantworteten Fragen
Ihre Resultats-Entwicklung
Sie haben dieses Quiz noch nicht gespielt